| 000 | 00442nam a2200181Ia 4500 | ||
|---|---|---|---|
| 008 | 230711s9999||||xx |||||||||||||| ||und|| | ||
| 020 | _a978-93-325-4222-8 | ||
| 041 | _aENG | ||
| 082 |
_a658.1 _bRO-O |
||
| 100 | _aRobbins,Stephen P | ||
| 245 | 0 | _aOrganizational behavior | |
| 250 | _a16th . Ed. | ||
| 260 |
_c2017 _aNew Delhi _bPearson |
||
| 300 | _a623 | ||
| 650 | _aUNIVESITY BUSNIESS SCHOOL | ||
| 700 | _aVohra,Neharika | ||
| 942 | _cBK | ||
| 999 |
_c5152 _d5152 |
||